000 00567nmm a2200193Ia 4500
008 251105s9999||||xx |||||||||||||||||und||
020 _a9789871518166
041 _aspa
100 _aFraschini, Alfredo
245 0 _aLiteratura neolatina en el Río de la Plata
264 _a[Buenos Aires, Argentina] :
_bEduvim,
_c2009
300 _a262 páginas
650 _aLatin American literature
700 _aFraschini, Alfredo
700 1 _a Sanchéz, Luis
700 1 _a Suárez, Marcela
856 _uhttps://public.digitaliapublishing.com/a/14490
942 _cCF
999 _c65626
_d65626